Statystyki dla Zwierzęta po hiszpańsku

Kliknij tutaj aby rozwiązać quiz!

Ogólne statystyki

  • Ten quiz został rozwiązany 16 razy
  • Średni wynik to 9 z 45

Statystyki odpowiedzi

HintOdpowiedź% Poprawnych
kotel gato
89%
zwierzęel animal
67%
lewel leon
56%
piesel perro
56%
bykel toro
56%
słońel elefante
44%
tygrysel tigre
44%
niedźwiedźel oso
33%
rybael pez
33%
lisel zorro
33%
żabala rana
33%
końel caballo
22%
kangurel canguro
22%
świniael cerdo
22%
wilkel lobo
22%
małpael mono
22%
ptakel pajaro
22%
kurczakel pollo
22%
kaczkala pata
22%
krowala vaca
22%
osiołel burro
11%
krokodylel cocodrilo
11%
królikel conejo
11%
owadel insecto
11%
myszel raton
11%
pająkla arana
11%
kurala gallina
11%
motylla mariposa
11%
owcala oveja
11%
szczurla rata
11%
wążla serpiente
11%
aligatorel caiman
0%
wielbłądel camello
0%
ślimakel caracol
0%
sarnael corzo
0%
gęśel ganso
0%
dzikel jabali
0%
żyrafael jirafa
0%
nietoperzel murcielago
0%
papugael papagayo
0%
indykel pavo
0%
pszczołala abeja
0%
kozala cabra
0%
muchala mosca
0%
gołąbla paloma
0%

Rozkład punktacji

Percentyl według liczby udzielonych odpowiedzi

Procent ludzi z każdym wynikiem

Twoja historia wyników

Nie rozwiązałeś tego quizu